| 000 | 00856nam a2200241 a 4500 | ||
|---|---|---|---|
| 999 |
_c1512 _d1512 |
||
| 001 | 1512 | ||
| 003 | BD-JhCC | ||
| 005 | 20171021122037.0 | ||
| 008 | 171021s2007 bg |||| |||| 001 0 ben d | ||
| 020 | _a9844104173 | ||
| 035 | _a(BD-JhCC)1512 | ||
| 040 |
_aBD-JhCC _dBD-JhCC |
||
| 041 | _aben | ||
| 082 |
_a891.4435 _bAKH 2007 |
||
| 100 | _a | ||
| 245 |
_aখালিকুজ্জামান ইলিয়াস রচনাসমগ্র ৪ / _cখালিকুজ্জামান ইলিয়াস (সম্পা.) |
||
| 260 |
_aঢাকা : _bমাওলা ব্রাদার্স, _c২০০৭. |
||
| 300 |
_a২৩৮ পৃ . : _c২১ সেমি. |
||
| 650 | _acollection Short stories, Bengali | ||
| 700 | _aইলিয়াস,খালিকুজ্জামান | ||
| 942 |
_2ddc _cBK |
||